Roc. 77, № 5; Chemicke Liste

Manylion Llyfryddiaeth
Parent link:Chemicke Liste: журнал. Roc. 77, № 5.— , 1959-1963, 1965-1986
Iaith:Tsieceg
Cyhoeddwyd: 1983
Fformat: Llyfr
KOHA link:https://koha.lib.tpu.ru/cgi-bin/koha/opac-detail.pl?biblionumber=570592

MARC

LEADER 00000nam2a2200000 4500
001 570592
005 20231101125041.0
035 |a (RuTPU)RU\TPU\prd\268165 
035 |a RU\TPU\prd\268161 
090 |a 570592 
100 |a 20161219c19839999k y0czey50 ba 
101 0 |a cze 
102 |a CZ 
200 0 |a Roc. 77, № 5 
210 |d 1983 
461 1 |0 (RuTPU)RU\TPU\prd\18  |t Chemicke Liste  |o журнал  |v Roc. 77, № 5  |d 1959-1963, 1965-1986 
801 0 |a RU  |b 63413507  |c 20010227  |g PSBO 
801 1 |a RU  |b 63413507  |c 20020228  |g PSBO 
801 2 |a RU  |b 63413507  |c 20161219  |g PSBO 
942 |c BK 
999 |a НТБ_ТПУ  |b НФ  |e -19/20160111  |p П-4094  |u 0  |v 1